Estimación del valor actual de los valores nacionales (Registro nro. 15146)

Detalles MARC
000 -LEADER
fixed length control field 00331 a2200109 4500
001 - CONTROL NUMBER
control field ART_17843
005 - DATE AND TIME OF LATEST TRANSACTION
control field 20260410161701.0
008 - FIXED-LENGTH DATA ELEMENTS--GENERAL INFORMATION
fixed length control field 260409a
100 1# - MAIN ENTRY--PERSONAL NAME
Personal name Dueñas, Daniel E.
245 10 - TITLE STATEMENT
Title Estimación del valor actual de los valores nacionales
773 0# - HOST ITEM ENTRY
Title Ensayos Económicos
Related parts - Nº 15 (sep. 1980)
Record control number REV620

No hay ítems disponibles.